Životné poistenie ako súčasť portfólia individuálneho dôchodkového zabezpečenia diplomová práca

Gespeichert in:
Bibliographische Detailangaben
1. Verfasser: Gvušč, Štefan
Körperschaft: Podnikovohospodárska fakulta EU so sídlom v Košiciach. Katedra ekonómie
Weitere Verfasser: Regenda, Štefan
Format: Buch
Sprache:Slowakisch
Veröffentlicht: Košice 2008
Tags: Tag hinzufügen
Keine Tags, Fügen Sie das erste Tag hinzu!

MARC

LEADER 00000nam$a2200000$$$4500
001 0077430
005 20240827093443.4
041 0 |a slo 
044 |a SK 
245 1 0 |a Životné poistenie ako súčasť portfólia individuálneho dôchodkového zabezpečenia  |b diplomová práca  |c Štefan Gvušč ; škol. Štefan Regenda 
264 1 |a Košice  |c 2008 
300 |a 67 s. 
100 1 |a Gvušč, Štefan 
700 1 |a Regenda, Štefan 
710 2 |a Podnikovohospodárska fakulta EU so sídlom v Košiciach. Katedra ekonómie